A text book of Agronomy / (Record no. 74614)
[ view plain ]
| 000 -LEADER | |
|---|---|
| fixed length control field | 00738nam a22002417a 4500 |
| 001 - CONTROL NUMBER | |
| control field | 74614 |
| 003 - CONTROL NUMBER IDENTIFIER | |
| rucl marc code | BD-RjUL |
| 005 - DATE AND TIME OF LATEST TRANSACTION | |
| control field | 20211209082559.0 |
| 008 - FIXED-LENGTH DATA ELEMENTS--GENERAL INFORMATION | |
| fixed length control field | 181101s2010 ii ||||| b||| 001 0 eng d |
| 020 ## - INTERNATIONAL STANDARD BOOK NUMBER | |
| International Standard Book Number | 9788122427431 |
| 035 ## - SYSTEM CONTROL NUMBER | |
| System control number | (BD-RjUL)74832 |
| 040 ## - CATALOGING SOURCE | |
| Original cataloging agency | BD-RjUL |
| Language of cataloging | eng |
| Transcribing agency | BD-RjUL |
| 041 ## - LANGUAGE CODE | |
| Language code of text/sound track or separate title | eng |
| 082 ## - DEWEY DECIMAL CLASSIFICATION NUMBER | |
| Edition number | 22 |
| Classification number | 630.954 |
| Author mark and year | CHT 2010 |
| 100 ## - MAIN ENTRY--PERSONAL NAME | |
| Personal name | Chandrasekaran, B. |
| 9 (RLIN) | 224657 |
| 245 ## - TITLE STATEMENT | |
| Title | A text book of Agronomy / |
| Statement of responsibility, etc. | B. Chandrasekaran, K. Annadurai, E. Somasundaram. |
| 300 ## - PHYSICAL DESCRIPTION | |
| Pagination | xx, 835 pages : |
| Illustrations | illustrations ; |
| Size | 25 cm. |
| 504 ## - BIBLIOGRAPHY, ETC. NOTE | |
| Bibliography, etc | Includes bibliographical references and index. |
| 650 ## - SUBJECT ADDED ENTRY--TOPICAL TERM | |
| Topical term or geographic name as entry element | Agronomy |
| 9 (RLIN) | 224654 |
| Geographic subdivision | India |
| 700 ## - ADDED ENTRY--PERSONAL NAME | |
| Personal name | Annadurai, K. |
| Personal name | Somasundaram, E. |
| 942 ## - ADDED ENTRY ELEMENTS (KOHA) | |
| Source of classification or shelving scheme | Dewey Decimal Classification |
| Koha item type | Books |
| Lost status | Source of classification or shelving scheme | Damaged status | Not for loan | Collection code | Permanent Location | Current Location | Shelving location | Date acquired | Source of acquisition | Cost, normal purchase price | Total Checkouts | Full call number | Date last seen | Copy number | Koha item type |
|---|---|---|---|---|---|---|---|---|---|---|---|---|---|---|---|
| Dewey Decimal Classification | Not For Loan | Non-fiction | Central Library, University of Rajshahi | Central Library, University of Rajshahi | Reading Room | 23/09/2018 | Orbital International, Dhaka | 930.00 | 630.954 CHT 2010 | 01/11/2018 | C-1 | Books |